000 00805nam a22002657a 4500
003 CHAP
005 20220329134430.0
008 971013s r 00010 d
010 _a20424
011 _a21396
035 _a25486
040 _cCHAP
090 _aR-1467
100 0 0 _aDodds, Kenneth S.
_933306
245 _aProblems and techniques in breeding new varieties of bananas
500 _aSobretiro de : Indias J. Horticulture 15(3-4): 210-214, 1958
590 _aBATCH-UPD
_b10
_c20130110
_lUCH01
_h2143
590 _aBATCH-UPD
_b10
_c20130410
_lUCH01
_h1452
590 _aBATCH-UPD
_b10
_c20130914
_lUCH01
_h1226
590 _aCONVERSION
_b10
_c20130109
_lUCH01
_h1312
650 1 4 _aPlátano
_xMejoramiento.
_989251
901 _aBK
942 _cREIMP
949 _bBC
_cR
_d-58740
_eTS1
_i25486
_si
999 _c20424
_d20424